000 00296nam a2200109Ia 4500
008 171211s9999 xx 000 0 und d
245 _aData Structures for Game Programmers
245 _cRon Penton
260 _c2002
650 _xGAMES
856 _uhttp://down.ebook777.com/058/9781931841948.pdf
999 _c348882
_d348882